Länder, die am Nil liegen - Statistiken

Allgemein
  • Dieses Quiz wurde 62 mal gespielt
  • Das Durchschnittsergebnis liegt bei 9 aus 11
Antwortstatistiken
🌍Land🌍 % Korrekt
Ägypten🇪🇬
100%
Sudan🇸🇩
96%
Südsudan🇸🇸
94%
Äthiopien🇪🇹
88%
Kenia🇰🇪
83%
Tansania🇹🇿
79%
Uganda🇺🇬
79%
Ruanda🇷🇼
77%
Eritrea🇪🇷
73%
Demokratische Republik Kongo🇨🇩
71%
Burundi🇧🇮
65%
Keine übereinstimmenden Quizze gefunden
Verteilung der Resultate
Anzahl Personen mit jedem Resultat
Perzentil nach korrekt beantworteten Fragen
Ihre Resultats-Entwicklung
Sie haben dieses Quiz noch nicht gespielt